000
00287nam a22001337a 4500
008
170829b xxu||||| |||| 00| 0 eng d
020
_a
9780534217440
041
_a
eng
080
_2
3 ED
_a
070
100
_a
39
101
_a
MED
245
_a
MEDIA IMPACT
_c
BIAGI.SH
942
_2
udc
_c
BK
999
_c
25333
_d
25333